Kraje po małym kawałku terenu - Statystyki

Ogólne statystyki
  • Ten quiz został rozwiązany 54 razy
  • Średni wynik to 13 z 20
Statystyki odpowiedzi
Obrazkowy Odpowiedź % Poprawnych
Polska
98%
Francja
92%
Indonezja
90%
Kanada
90%
Egipt
85%
Rosja
85%
USA
79%
Brazylia
71%
Chiny
71%
Japonia
71%
Monako
65%
Szwecja
56%
Indie
54%
Islandia
50%
Niemcy
46%
Luksemburg
42%
Singapur
38%
Kenia
35%
Pakistan
35%
Ukraina
21%
Nie znaleziono quizów pasujących do podanych kryteriów
Rozkład punktacji
Procent ludzi z każdym wynikiem
Percentyl według liczby udzielonych odpowiedzi
Twoja historia wyników
Nie rozwiązałeś tego quizu